000
00296nam a2200109Ia 4500
008
220204s9999 xx 000 0 und d
082
_a
658.3
_b
DEV
100
_a
Deverell, C S
245
0
_a
Acquiring management skills: How the manager can help himself
260
_a
London
_b
Gee
_c
1973
942
_c
BK
999
_c
32832
_d
32832